Sobre lo sublime

Saved in:
Bibliografiske detaljer
Format: Bog
Sprog:spansk
græsk
Udgivet: Barcelona Bosch 1996
Serier:Erasmo, Textos Bilingües
Fag:
Tags: Tilføj Tag
Ingen Tags, Vær først til at tagge denne postø!

MARC

LEADER 00000nam a2200000 a 4500
001 UCL6074
003 CL-VaPUC
008 040326e19960000SP |||||||||||||||||spa|d
020 |a 8471625962 
041 0 7 |a spa  |2 CL-VaPUC 
041 0 7 |a gre  |2 CL-VaPUC 
082 0 4 |a 885.01  |b SOB  |2 21 
245 1 0 |a Sobre lo sublime 
300 |a 327 p 
942 |c BK 
945 |d 20040326 00:00:00  |a cmena 
260 |a Barcelona  |b Bosch  |c 1996 
500 |a Incluye: Poética de Aristóteles 
650 0 |a Oratoria griega  |9 265027 
650 0 |a Retórica griega  |9 421069 
650 7 |a LITERATURA GRIEGA  |2 CL-VaPUC  |9 258054 
583 |a last modification  |c 20040326 00:00:00  |k Rodrigo Vera 
490 0 |a Erasmo, Textos Bilingües 
999 |c 308349  |d 308347 
952 |0 0  |1 0  |4 0  |6 885_010000000000000_SOB_1996  |7 0  |8 A  |9 374785  |a BIBARQ  |b BIBARQ  |d 2019-11-21  |i 396924K  |o 885.01 SOB 1996  |p 396924K  |r 2025-01-20  |w 2019-11-21  |y BK  |k ARQ